000 00309nam a22001217a 4500
999 _c6059
_d6059
245 _aMinerals and Mining Act, 2006 (Act 703)
_cby Republic of Ghana
246 _aAct 703
260 _aAccra
_bAssembly Press
300 _a51p.
440 _aActs of Parliament
650 _aMinerals and mining Act
942 _cREF